000 00897nam a2200265 4500
003 OSt
005 20260601171005.0
008 260507b1992\\\\sp\a||||\||||\00|\0\spa\d
020 _a8486925584
040 _aICI
_bspa
_cICI
041 _aspa
050 _aN6494.E6
_bE96 1992
111 2 _aExposicion Universal
_cSevilla
_932164
245 1 _aMedioambiente :
_bExposicion Universal Sevilla 1992 : Pabellon tematico
264 _aEspaña :
_bSociedad Estatal para la Exposición Universal,
_c1992
300 _a93 páginas :
_bilustraciones
336 _atexto
_2rdacontent
337 _asin medio
_2rdamedia
338 _avolumen
_2rdacarrier
650 _aArte ambiental
_932165
650 _aMedio ambiente
_xExposiciones
_932166
710 2 _aInstituto Nacional de Industria (España)
_932167
710 2 _aSociedad Estatal para la Exposicion Universal (España)
_932168
942 _2lcc
_cB
_n1
999 _c20257
_d20257